The Witcher Season 1 (Netflix) Quiz - Statistics

General Stats
  • This quiz has been taken 264 times
  • The average score is 16 of 40
Answer Stats
Hint Answer % Correct
The Main Character/White Wolf (He states that he is from Rivia but this is false) Geralt
100%
My Favourite Character Who Is The Daughter Of Pavetta, Grandaughter Of #4, Is The Last Living Descendant Of Lara Dorren And Has Inherited Her Ancestor's Elder Blood Ciri
98%
The Sorceress Who Becomes Tied To The Above Due To A Djinn (Vengerberg) Yennefer
93%
The Sorceress Who Comes From Maribor And Is A Friend Of #2 (She is known for her fire magic and acts as an aid/advisor to Foltest). Triss
71%
The Above's Grandmother Who Raises #3 After Pavetta's Death Calanthe
65%
What Name Is Given To Dandelion In The Show? Jaskier
63%
The Name Of #1's Horse Roach
60%
The Song That Is Sang By Dandelion And Involves Money And Is Affiliated With The White Wolf's Profession Toss A Coin To Your Witcher
50%
What Is The Nickname That #1 Is Given By People Who Have Heard Of Him (This is because of him slaughtering people at Blaviken) Butcher Of Blaviken
49%
What Causes Himself To Look Like A Beast? Curse
49%
The Woman Who According To Stregabor Was Born Under The Curse Of The Black Sun (#1 has to fight her in the first episode) Renfri
49%
And The Second? (Used For Killing Monsters) Silver
48%
The Woman Who Teaches #2 About Magic And How To Control Her Chaos At Aretuza Tissaia
48%
The Name Of The Sorceress Who Is Sent To Nilfgaard And Serves The Nilfgaardian Emperor (She studies at Aretuza just like #2 and tries to turn the defenders of Sodden Hill against each other). Fringilla
46%
What Is The Name Of The Man/Knight Who Attempts To Capture #3 (She uses her powers/scream to prevent him from doing so and causes a fissure to separate them) Cahir
41%
What Type Of Swords Does The White Wolf Use? Name The First (Used For Killing Humans?) Steel
41%
What Does Emhyr Declare To #4's Former Husband As Payment For Saving His Life? Law Of Surprise
39%
The Name Of The Druid Who Helps #3 Escape From Cintra And Is A Friend Of #1 Mousesack
38%
What Monster Does Adda (Foltest's Daughter) exist as until #1 lifts her curse? Striga
37%
There Are Two Signs That The White Wolf Uses In The First Episode. Name The First (Arcane Blast/telekinetic blast) Aard
36%
What Is The Name Of The Elf Who #3 Meets When She Is Trying To Hide From Nilfgaard? (He Says That The Berries She Tries To Eat Are Poisonous Via Gestures And She Calls Him Rat Boy) Dara
36%
What Is The Name Of The Sorcerer Who Acts As An Ally To #2 During The Battle Of Sodden Hill (His name begins with V and He Fights With The Knight Who Tries To Abduct #3 with a Sabre) Vilgefortz
35%
What Alias Does Emhyr Var Emreis Give Himself? Duny
33%
And The Second? (Influencing Minds) Axii
32%
Which Forest Is #3 Lead To? (Its Where #1 Recovers In The Books) Brokilon
32%
There Are Two Books That Season 1 Takes Inspiration From Or Shows Events From. Name The First (Related To The Djinn's Wishes) The Last Wish
32%
What Is The Name Of The Creature That Can Become Someone Else? Doppler
31%
What Is The Name Of The First Monster That #1 Kills? Kikimora
31%
The Sorcerer Who #2 Meets On Aretuza Who Is Secretly Working With Stregabor And Finds Out She Is Half-Elf. Istredd
28%
What Is The Name Of The Actor Who Plays The Above? Joey Batey
26%
Which Race Of People Live In This Forest? Dryads
23%
The Husband Of The Above (He promises the above 50 Skellige ships to assist them against Nilfgaard and speaks to #3 about whether she was successful with playing Knucklebones). Eist
23%
How Much Is #2 Sold For? (Its The Title Of Episode 2) Four Marks
22%
The Name Of The Dwarf Who Is A Part Of The Crew That Hunts A Dragon (He becomes a friend of The Child Of The Elder Blood In The Books) Yarpen Zigrin
19%
What Creature Does The White Wolf And #2 Protect From Reavers And To An Extent The Dwarves? (They are rarely hunted by Witchers and Breath Fire and This One Is Gold). Gold Dragon
18%
And The Second? (Is Linked To The White Wolf And The Child Of The Elder Blood) Sword Of Destiny
17%
The Name Of The Trial That Boys Must Pass In Order To Become A Witcher? Trial Of Grasses
15%
What Is The Name Of The White Wolf's Mother? Visenna
14%
What Is The Title Of The Season Finale? Much More
6%
What Is The Name Of The Man Who The White Wolf Saves From Ghouls? Yurga
4%
No matching quizzes found
Score Distribution
Percent of People with Each Score
Percentile by Number Answered
Your Score History
You have not taken this quiz